José de Ezpeleta : (Registro nro. 40987)
[ vista simple ]
| 000 -CABECERA | |
|---|---|
| campo de control de longitud fija | 00768nam a2200181 a 4500 |
| 001 - NÚMERO DE CONTROL | |
| campo de control | 000041497 |
| 005 - FECHA Y HORA DE LA ÚLTIMA TRANSACCIÓN | |
| campo de control | 20201002034937.0 |
| 008 - DATOS DE LONGITUD FIJA--INFORMACIÓN GENERAL | |
| campo de control de longitud fija | 131008s1980 sp 000 0 spa d |
| 020 ## - NÚMERO INTERNACIONAL ESTÁNDAR DEL LIBRO | |
| Número Internacional Estándar del Libro | 8400046498 |
| 040 ## - FUENTE DE LA CATALOGACIÓN | |
| Centro catalogador/agencia de origen | DO-SdBNP |
| Lengua de catalogación | spa |
| Centro/agencia transcriptor | BNPHU |
| 100 1# - ENTRADA PRINCIPAL--NOMBRE DE PERSONA | |
| Nombre de persona | Medina Rojas, Francisco de Borja |
| 9 (RLIN) | 68198 |
| 245 10 - MENCIÓN DE TÍTULO | |
| Título | José de Ezpeleta : |
| Resto del título | Gobernador de la Mobila, 1780-1781 / |
| Mención de responsabilidad, etc. | F. de Borja Medina Rojas. |
| 260 ## - PUBLICACIÓN, DISTRIBUCIÓN, ETC. | |
| Lugar de publicación, distribución, etc. | Sevilla : |
| Nombre del editor, distribuidor, etc. | Escuela de Estudios Hispano-Americanos, |
| Fecha de publicación, distribución, etc. | 1980. |
| 300 ## - DESCRIPCIÓN FÍSICA | |
| Extensión | LXXXII, 869 p., map. pleg. ; |
| Dimensiones | 25 cm. |
| 490 1# - MENCIÓN DE SERIE | |
| Mención de serie | Publicaciones de la Escuela de Estudios Hispano-Americanos de Sevilla |
| -- | 274 |
| 710 2# - PUNTO DE ACCESO ADICIONAL--NOMBRE DE ENTIDAD CORPORATIVA | |
| Nombre de entidad corporativa o nombre de jurisdicción como elemento de entrada | Escuela de Estudios Hispano-Americanos (Sevilla) |
| 9 (RLIN) | 63945 |
| 830 #0 - PUNTO DE ACCESO ADICIONAL DE SERIE-TÍTULO UNIFORME | |
| Título uniforme | Publicaciones de la Escuela de Estudios Hispano-Americanos de Sevilla |
| Designación de volumen o secuencia | 274 |
| 9 (RLIN) | 30488 |
| Estado de retiro | Estado de pérdida | Restricciones de uso | No para préstamo | Código de colección | Localización permanente | Ubicación/localización actual | Ubicación en estantería | Fecha de adquisición | Número de inventario | Total de préstamos | Signatura topográfica completa | Código de barras | Fecha visto por última vez | Precio válido a partir de | Tipo de ítem Koha |
|---|---|---|---|---|---|---|---|---|---|---|---|---|---|---|---|
| Monografías: Libros y Folletos | General | General | Orden iniciada | 08.10.2013 | LF1 | 41497-10 | 25.06.2020 | 25.06.2020 | No se presta |
